000 00549nmm a2200169Ia 4500
008 251105s9999||||xx |||||||||||||||||und||
020 _a9788471126566
041 _aspa
100 _aLockwood, Michael
245 0 _aPromover el placer de leer en la Educación Primaria
264 _a[Madrid, España] :
_bMinisterio de Educación, Cultura y Deporte de España,
_c2011
300 _a192 páginas
490 _aMinisterio de Educación y Ciencia
650 _aEducation
856 _uhttps://public.digitaliapublishing.com/a/24041
942 _cCF
999 _c84789
_d84789